|
|
|
|
| LEADER |
01447nam a22003732a 4500 |
| 001 |
000192184 |
| 003 |
CZ BrMZK |
| 005 |
20190507140251.0 |
| 008 |
970103s1985 xr f cze d |
| 015 |
|
|
|a cnb000027097
|
| 035 |
|
|
|a (OCoLC)39588080
|
| 040 |
|
|
|a BOA001
|b cze
|
| 072 |
|
7 |
|a 69
|x Stavebnictví
|2 Konspekt
|9 19
|
| 072 |
|
7 |
|a 37.016
|x Učební osnovy. Vyučovací předměty. Učebnice
|2 Konspekt
|9 22
|
| 080 |
|
|
|a 69
|2 MRF
|
| 080 |
|
|
|a 624.9
|2 MRF
|
| 080 |
|
|
|a 744.4
|2 MRF
|
| 080 |
|
|
|a (075.3)
|2 MRF
|
| 100 |
1 |
|
|a Doseděl, Antonín
|7 jk01022749
|4 aut
|
| 245 |
1 |
0 |
|a Čítanka výkresů ve stavebnictví :
|b učebnice pro střední odborná učiliště /
|c Antonín Doseděl (vedoucí), ... [et al.]
|
| 250 |
|
|
|a 1. vyd.
|
| 260 |
|
|
|a Praha :
|b Státní nakladatelství technické literatury,
|c 1985
|
| 300 |
|
|
|a 203 s.
|
| 504 |
|
|
|a Obsahuje bibliografii
|
| 650 |
0 |
7 |
|a stavebnictví
|7 ph116275
|2 czenas
|
| 650 |
0 |
7 |
|a pozemní stavby
|7 ph124471
|2 czenas
|
| 650 |
0 |
7 |
|a technické kreslení
|7 ph116408
|2 czenas
|
| 655 |
|
7 |
|a učebnice učňovských škol
|7 fd338605
|2 czenas
|
| 655 |
|
7 |
|a učebnice středních škol
|7 fd133771
|2 czenas
|
| 910 |
|
|
|a BOA001
|b TK-A-0224.126
|b PK-N-0024.702
|
| 920 |
|
|
|a 000480178
|
| 990 |
|
|
|a BK
|
| 996 |
7 |
|
|b 2629991102
|c TK-A-0224.126
|l MZK
|r Sklad / do 24 hodin
|n 8
|w 000192184
|u 000010
|a 1
|e BOA001
|j MZK50
|s A
|
| 996 |
7 |
|
|b 3119837460
|c PK-N-0024.702
|l MZK
|r Sklad / do 1 hodiny
|n 14
|w 000192184
|u 000020
|a 1
|e BOA001
|j MZK50
|s A
|